Ekonomická statistika pro RDS a příklady

Gespeichert in:
Bibliographische Detailangaben
1. Verfasser: Jílek, Jaroslav
Körperschaft: Vysoká škola ekonomická v Praze. Národohospodářská fakulta
Weitere Verfasser: Kejkula, Jiří
Format: Buch
Sprache:Tschechisch
Veröffentlicht: Praha Státní pedagogické nakladatelství 1984
Tags: Tag hinzufügen
Keine Tags, Fügen Sie das erste Tag hinzu!

MARC

LEADER 00000nam a2200000 4500
001 c107030
005 20190425100154.5
041 0 |a cze 
044 |a CZ 
245 1 0 |a Ekonomická statistika pro RDS a příklady  |c Jaroslav Jílek, Jiří Kejkula a kol. 
264 1 |a Praha  |b Státní pedagogické nakladatelství  |c 1984 
300 |a 269 s. 
100 1 |a Jílek, Jaroslav 
700 1 |a Kejkula, Jiří 
710 2 |a Vysoká škola ekonomická v Praze. Národohospodářská fakulta